[Event "Lueneburg op-A"]
[Site "Lueneburg"]
[Date "2019.08.07"]
[Round "5"]
[White "Koenig, Christian"]
[Black "Terhorst, Jochen"]
[Result "1-0"]
[WhiteElo "2026"]
[BlackElo "2144"]
[PlyCount "63"]
[EventDate "2019.08.03"]
[EventType "swiss"]
[EventRounds "9"]
[EventCountry "GER"]
[SourceTitle "CBM 191 Extra"]
[Source "ChessBase"]
[SourceDate "2019.09.30"]
[SourceVersion "1"]
[SourceVersionDate "2019.09.30"]
[SourceQuality "1"]

1. e4 e5 2. Nf3 Nc6 3. Bb5 Nge7 4. 0-0 g6 5. c3 a6 6. Ba4 b5 7. Bc2 Bg7 8. d4 exd4 9. cxd4 d6 10. h3 0-0 11. Nc3 Bb7 12. Be3 Na5 13. Qc1 Re8 14. Ne2 Qd7 15. Ng3 c5 16. b3 Rac8 17. d5 c4 18. Qd2 cxb3 19. axb3 Bc3 20. Qd3 Qc7 21. Ra2 f5 22. exf5 Nxd5 23. fxg6 Rxe3 24. gxh7+ Kh8 25. fxe3 Nb4 26. Qg6 Nxa2 27. Ng5 Bd5 28. Nh5 Nb4 29. Bf5 Rf8 30. Be6 Rxf1+ 31. Kxf1 Bxe6 32. Qe8+ 1-0

[Event "Lueneburg op-A"]
[Site "Lueneburg"]
[Date "2019.08.05"]
[Round "3"]
[White "Feuerstack, Aljoscha"]
[Black "Terhorst, Jochen"]
[Result "1/2-1/2"]
[WhiteElo "2450"]
[BlackElo "2144"]
[PlyCount "43"]
[EventDate "2019.08.03"]
[EventType "swiss"]
[EventRounds "9"]
[EventCountry "GER"]
[SourceTitle "CBM 191 Extra"]
[Source "ChessBase"]
[SourceDate "2019.09.30"]
[SourceVersion "1"]
[SourceVersionDate "2019.09.30"]
[SourceQuality "1"]

1. e4 e5 2. Nf3 Nc6 3. Bb5 a6 4. Ba4 Nge7 5. c3 g6 6. d4 b5 7. Bb3 Bg7 8. dxe5 Nxe5 9. Nxe5 Bxe5 10. Bh6 Nc6 11. Qd5 Qe7 12. 0-0 Bb7 13. f4 Bd6 14. Nd2 Na5 15. Qd3 Nxb3 16. Nxb3 Bc5+ 17. Nxc5 Qxc5+ 18. Kh1 Qc6 19. a4 f5 20. axb5 axb5 21. Rxa8+ Bxa8 22. Qd4 1/2-1/2

[Event "Arber op 6th"]
[Site "Bodenmais"]
[Date "2017.08.03"]
[Round "6"]
[White "Terhorst, Jochen"]
[Black "Neis, Christian"]
[Result "1-0"]
[WhiteElo "2164"]
[BlackElo "1914"]
[PlyCount "73"]
[EventDate "2017.07.29"]
[EventType "swiss"]
[EventRounds "9"]
[EventCountry "GER"]
[SourceTitle "CBM 179 Extra"]
[Source "ChessBase"]
[SourceDate "2017.08.23"]
[SourceVersion "1"]
[SourceVersionDate "2017.08.23"]
[SourceQuality "1"]

1. e4 Nc6 2. d3 e5 3. Nf3 Nf6 4. Be2 d5 5. Nbd2 Bd6 6. c3 Ne7 7. exd5 Nfxd5 8. Nc4 Ng6 9. g3 Bh3 10. Ng5 Bd7 11. Nxd6+ cxd6 12. Qb3 0-0 13. Bf3 Nb6 14. 0-0 h6 15. Ne4 Be6 16. c4 Bh3 17. Re1 f5 18. Nxd6 e4 19. c5+ Kh7 20. dxe4 Ne5 21. exf5 Nxf3+ 22. Qxf3 Nd7 23. Qh5 Nxc5 24. Rd1 Rf6 25. Bg5 Bg4 26. Qxg4 hxg5 27. Ne4 Qb6 28. Nxf6+ Qxf6 29. Rac1 b6 30. b4 Na4 31. Rc7 Nb2 32. Rdd7 Rg8 33. Rf7 Qh6 34. f6 Nd3 35. Rxg7+ Rxg7 36. Rxg7+ Kh8 37. Qc8# 1-0

[Event "Arber op 6th"]
[Site "Bodenmais"]
[Date "2017.08.02"]
[Round "5"]
[White "Hoffmann, Sebastian"]
[Black "Terhorst, Jochen"]
[Result "1/2-1/2"]
[WhiteElo "1865"]
[BlackElo "2164"]
[PlyCount "29"]
[EventDate "2017.07.29"]
[EventType "swiss"]
[EventRounds "9"]
[EventCountry "GER"]
[SourceTitle "CBM 179 Extra"]
[Source "ChessBase"]
[SourceDate "2017.08.23"]
[SourceVersion "1"]
[SourceVersionDate "2017.08.23"]
[SourceQuality "1"]

1. e4 e5 2. Nf3 d6 3. d4 Nd7 4. Nc3 Ngf6 5. g4 d5 6. Nxd5 Nxd5 7. exd5 e4 8. Nd2 Nf6 9. Bb5+ Bd7 10. Qe2 Nxd5 11. Qxe4+ Be7 12. Qxd5 c6 13. Qg2 cxb5 14. Ne4 Bc6 15. Be3 1/2-1/2

[Event "Arber op 6th"]
[Site "Bodenmais"]
[Date "2017.07.31"]
[Round "3"]
[White "Womacka, Mathias"]
[Black "Terhorst, Jochen"]
[Result "1-0"]
[WhiteElo "2436"]
[BlackElo "2164"]
[PlyCount "59"]
[EventDate "2017.07.29"]
[EventType "swiss"]
[EventRounds "9"]
[EventCountry "GER"]
[SourceTitle "CBM 179 Extra"]
[Source "ChessBase"]
[SourceDate "2017.08.23"]
[SourceVersion "1"]
[SourceVersionDate "2017.08.23"]
[SourceQuality "1"]

1. e4 d6 2. d4 Nf6 3. Nc3 e5 4. Nf3 Nbd7 5. Bc4 Be7 6. 0-0 0-0 7. Re1 c6 8. a4 a5 9. h3 Nb6 10. Bb3 exd4 11. Nxd4 Nfd7 12. Nf5 Nc5 13. Nxe7+ Qxe7 14. Be3 Nxb3 15. cxb3 Nd7 16. Qd2 Nc5 17. Rad1 Nxb3 18. Qxd6 Qe8 19. f4 Be6 20. f5 Bc4 21. Qf4 b5 22. e5 Kh8 23. Ne4 Bd5 24. Nd6 Qd7 25. axb5 g6 26. Qh4 f6 27. bxc6 Bxc6 28. fxg6 Qg7 29. Qc4 Qxg6 30. Qxc6 1-0

[Event "Arber op 6th"]
[Site "Bodenmais"]
[Date "2017.07.30"]
[Round "2"]
[White "Terhorst, Jochen"]
[Black "Strangmueller, Andreas"]
[Result "1-0"]
[WhiteElo "2164"]
[BlackElo "2008"]
[PlyCount "57"]
[EventDate "2017.07.29"]
[EventType "swiss"]
[EventRounds "9"]
[EventCountry "GER"]
[SourceTitle "CBM 179 Extra"]
[Source "ChessBase"]
[SourceDate "2017.08.23"]
[SourceVersion "1"]
[SourceVersionDate "2017.08.23"]
[SourceQuality "1"]

1. e4 e6 2. d3 d5 3. Nd2 Nf6 4. Ngf3 Be7 5. g3 0-0 6. Bg2 c5 7. 0-0 Nc6 8. Re1 Qc7 9. Nf1 dxe4 10. dxe4 Rd8 11. Qe2 Nd4 12. Nxd4 cxd4 13. e5 Nd5 14. Be4 Nb4 15. Bf4 Bd7 16. a3 Nc6 17. h4 g6 18. Bd3 Bf8 19. Nh2 Ne7 20. Bg5 Rdc8 21. Ng4 Nd5 22. Qd2 Bg7 23. Bf6 Qc5 24. Bxg7 Kxg7 25. h5 Kg8 26. Be4 Bc6 27. Rad1 Rd8 28. Bxd5 Bxd5 29. Qh6 1-0

[Event "Muensterland op 28th"]
[Site "Senden"]
[Date "2010.10.23"]
[Round "9"]
[White "Van Ackeren, Franz"]
[Black "Terhorst, Jochen"]
[Result "1/2-1/2"]
[WhiteElo "2107"]
[BlackElo "2185"]
[PlyCount "30"]
[EventDate "2010.10.16"]
[EventType "swiss"]
[EventRounds "9"]
[EventCountry "GER"]
[SourceTitle "CBM 138 Extra"]
[Source "ChessBase"]
[SourceDate "2010.10.29"]
[SourceVersion "1"]
[SourceVersionDate "2010.10.29"]
[SourceQuality "1"]

1. Nf3 c5 2. b3 Nf6 3. Bb2 e6 4. e3 d6 5. d4 Nbd7 6. c4 b6 7. Nc3 a6 8. d5 e5 9. Bd3 g6 10. h3 Bg7 11. Qc2 b5 12. cxb5 Qa5 13. Nd2 0-0 14. 0-0 axb5 15. Bxb5 Bb7 1/2-1/2

[Event "Muensterland op 28th"]
[Site "Senden"]
[Date "2010.10.21"]
[Round "7"]
[White "Terhorst, Jochen"]
[Black "Pienski, Olaf"]
[Result "1/2-1/2"]
[WhiteElo "2185"]
[BlackElo "2098"]
[PlyCount "31"]
[EventDate "2010.10.16"]
[EventType "swiss"]
[EventRounds "9"]
[EventCountry "GER"]
[SourceTitle "CBM 138 Extra"]
[Source "ChessBase"]
[SourceDate "2010.10.29"]
[SourceVersion "1"]
[SourceVersionDate "2010.10.29"]
[SourceQuality "1"]

1. e4 c5 2. c3 e6 3. d4 d5 4. exd5 exd5 5. Nf3 Nc6 6. Bb5 Bd6 7. dxc5 Bxc5 8. 0-0 Nge7 9. Nbd2 0-0 10. Nb3 Bb6 11. h3 Bf5 12. Nbd4 Bg6 13. Re1 Qc7 14. Be3 a6 15. Nxc6 bxc6 16. Bd3 1/2-1/2

[Event "Muensterland op 28th"]
[Site "Senden"]
[Date "2010.10.20"]
[Round "6"]
[White "Ivanov, Mikhail M"]
[Black "Terhorst, Jochen"]
[Result "1-0"]
[WhiteElo "2438"]
[BlackElo "2185"]
[PlyCount "53"]
[EventDate "2010.10.16"]
[EventType "swiss"]
[EventRounds "9"]
[EventCountry "GER"]
[SourceTitle "CBM 138 Extra"]
[Source "ChessBase"]
[SourceDate "2010.10.29"]
[SourceVersion "1"]
[SourceVersionDate "2010.10.29"]
[SourceQuality "1"]

1. d4 d5 2. c4 dxc4 3. e4 c5 4. Nf3 cxd4 5. Bxc4 Nc6 6. 0-0 e6 7. Nbd2 a6 8. e5 Nge7 9. Nb3 Nf5 10. Bd3 g6 11. Bg5 Be7 12. Bxe7 Nfxe7 13. Qd2 h6 14. Rad1 b6 15. Be4 Nd5 16. Bxd5 Qxd5 17. Qf4 Bb7 18. Nbxd4 Nxd4 19. Rxd4 Qxa2 20. Qf6 Rg8 21. Rfd1 Bd5 22. Rxd5 exd5 23. Qc6+ Ke7 24. Qb7+ Ke6 25. Nd4+ Kxe5 26. Qe7+ Kf4 27. g3+ 1-0

[Event "Oberliga NRW 0001 I"]
[Site "NRW"]
[Date "2001.02.04"]
[Round "6.2"]
[White "Homann, Stefan"]
[Black "Terhorst, Jochen"]
[Result "1-0"]
[WhiteElo "2230"]
[BlackElo "2239"]
[PlyCount "61"]
[EventDate "2000.09.24"]
[EventType "team"]
[EventRounds "9"]
[EventCountry "GER"]
[SourceTitle "EXT 2006"]
[Source "ChessBase"]
[SourceDate "2005.11.24"]
[SourceVersion "1"]
[SourceVersionDate "2005.11.24"]
[SourceQuality "1"]
[WhiteTeam "Lippstadt Turm"]
[BlackTeam "Koeln SF II"]
[WhiteTeamCountry "GER"]
[BlackTeamCountry "GER"]

1. d4 d5 2. c4 e6 3. Nf3 c5 4. cxd5 exd5 5. Nc3 Nc6 6. g3 c4 7. Bg2 Bb4 8. 0-0 Nge7 9. Ne5 0-0 10. Nxc6 bxc6 11. Qa4 Qa5 12. Qxa5 Bxa5 13. Na4 Bf5 14. b3 cxb3 15. axb3 Rfe8 16. Ba3 Rab8 17. Rfc1 Bd2 18. Rd1 Bb4 19. Nc5 Bxa3 20. Rxa3 Nc8 21. e3 Re7 22. Rda1 h6 23. Bf1 g5 24. Kg2 Kg7 25. Bd3 Bxd3 26. Nxd3 Rbb7 27. Rc1 Rb6 28. Ne5 Rc7 29. Ra5 f6 30. Nd3 Rxb3 31. Nc5 1-0

[Event "Oberliga NRW 9900 II"]
[Site "Germany"]
[Date "2000.05.11"]
[Round "9.7"]
[White "Illner, Jan"]
[Black "Terhorst, Jochen"]
[Result "0-1"]
[WhiteElo "1587"]
[BlackElo "2220"]
[PlyCount "68"]
[EventDate "1999.10.26"]
[EventType "team"]
[EventRounds "9"]
[EventCountry "GER"]
[SourceTitle "EXT 2001"]
[Source "ChessBase"]
[SourceDate "2000.11.22"]
[SourceVersion "1"]
[SourceVersionDate "2000.11.22"]
[SourceQuality "1"]
[WhiteTeam "Bochum II"]
[BlackTeam "Koeln KKS"]
[WhiteTeamCountry "GER"]
[BlackTeamCountry "GER"]

1. d4 d5 2. c4 dxc4 3. Nc3 e5 4. dxe5 Qxd1+ 5. Nxd1 Nc6 6. Nf3 Be6 7. e3 0-0-0 8. Be2 Bb4+ 9. Nc3 Nge7 10. 0-0 Ng6 11. Bd2 Ngxe5 12. Rfd1 Nxf3+ 13. Bxf3 Ne5 14. Be2 Rd7 15. Be1 Nd3 16. Bxd3 cxd3 17. a3 Be7 18. Rd2 c5 19. f4 f5 20. Bf2 Kb8 21. Re1 Rc8 22. e4 fxe4 23. Rxe4 Bf5 24. Re5 g6 25. Re1 Bf6 26. h3 h5 27. Rc1 b6 28. Nd1 c4 29. Be3 b5 30. Kh1 Re7 31. Rf2 Rce8 32. Bc5 Re1+ 33. Kh2 R8e2 34. Rxe2 dxe2 0-1

[Event "Cairo op"]
[Site "Cairo"]
[Date "1996.??.??"]
[Round "6"]
[White "Terhorst, Jochen"]
[Black "Amer, Mohamed"]
[Result "1/2-1/2"]
[WhiteElo "2220"]
[BlackElo "2180"]
[PlyCount "24"]
[EventDate "1996.??.??"]
[EventType "swiss"]
[EventRounds "10"]
[EventCountry "EGY"]
[SourceTitle "EXT 1998"]
[Source "ChessBase"]
[SourceDate "1997.11.17"]
[SourceVersion "1"]
[SourceVersionDate "1997.11.17"]
[SourceQuality "1"]

1. d4 Nf6 2. c4 c5 3. d5 b5 4. cxb5 a6 5. e3 axb5 6. Bxb5 Qa5+ 7. Nc3 Bb7 8. Bd2 Qb6 9. Bc4 e6 10. e4 Nxe4 11. Nxe4 exd5 12. Ng5 dxc4 1/2-1/2

[Event "Oberliga Mittelrhein 9394"]
[Site "Mittelrhein"]
[Date "1994.??.??"]
[Round "?"]
[White "Gikas, Andreas Basilius"]
[Black "Terhorst, Jochen"]
[Result "1-0"]
[WhiteElo "2205"]
[BlackElo "2220"]
[PlyCount "79"]
[EventDate "1993.10.??"]
[EventType "team"]
[EventRounds "11"]
[EventCountry "GER"]
[SourceTitle "EXT 2002"]
[Source "ChessBase"]
[SourceDate "2001.11.25"]
[SourceVersion "1"]
[SourceVersionDate "2001.11.25"]
[SourceQuality "1"]

1. e4 e5 2. Nf3 Nc6 3. Nc3 Bc5 4. Nxe5 Nxe5 5. d4 Bd6 6. dxe5 Bxe5 7. Bd3 Ne7 8. Bd2 c6 9. 0-0 0-0 10. Qh5 d6 11. Kh1 g6 12. Qh4 Bg7 13. Rad1 Be6 14. Bg5 f6 15. Be3 Qc7 16. Be2 Rad8 17. Rfe1 Rd7 18. Bg4 Bxg4 19. Qxg4 f5 20. Qh4 fxe4 21. Qxe4 Nf5 22. Bf4 Qd8 23. g4 Re7 24. Qb4 Rxe1+ 25. Rxe1 Nd4 26. Bg3 Qf6 27. Re3 Qf7 28. Qxd6 Nxc2 29. Re7 Qc4 30. Kg1 Qxg4 31. Ne4 Ne1 32. Nd2 Nf3+ 33. Nxf3 Qxf3 34. Qe6+ Kh8 35. Re8 Qd1+ 36. Kg2 Qd5+ 37. Qxd5 cxd5 38. Re7 Bxb2 39. Rxb7 Bd4 40. a4 1-0